000 00847nam a22002657a 4500
003 DO-SdBNP
005 20240412074308.0
007 ta
008 210415b2020 dr ||||er|||| 000 pdspa d
020 _a9789945096491
040 _aDO-SdBNP
_bspa
_cBNPHU
041 _hspa
082 4 _bS718c
_222
100 1 _aSoto Jiménez, José Miguel,
_d1956-
_911668
245 1 0 _aCosmogramatón :
_bcrónica virtual del desconcierto. /
_cJosé Miguel Ángel Soto Jiménez
260 _aSanto Domingo :
_bSoto,
_c2020
300 _a77 p. ;
_c23 cm.
500 _aIncluye datos biográficos del autor en la solapa de la cubierta
500 _aIncluye bibliografía y notas al pie de paginas
590 _aInventariado, 2021 / MF
650 0 _aLiteratura dominicana.
_967
650 4 _957692
_aPoemas Dominicanos
910 _aMfeliz
942 _2ddc
_cLBS1
999 _c49741
_d49741